000 00729nas a2200253 4500
001 BR0806605
003 BR-BrBNA
005 20231205112146.0
007 ta
008 230509b bl.|||p| |||| 00| 00por d
040 _aBR-BrBNA
_bpor
_cBiblioteca Nacional de Agricultura
041 _a(En)
072 _aL20; L60
100 1 _aClaver, S.
100 1 _aFowler, H.G.
245 1 _aThe ant fauna (Hymenoptera, Formicidae)of the Nacunan biosphere reserve
650 _aFORMIGA
650 _aFAUNA
650 _aDISTRIBUIÇÃO GEOGRÁFICA
650 _aARGENTINA
773 0 _tNaturalia (Brazil)
_xISSN 0001-1944
_g(1993), v. 18 p. 189-193
_wBR0806605
909 _a202311
_bLúcia
_c55
_dLúcia Elande
942 _2AGRIS
_n0
_cANA
999 _c196420
_d196420